El contador pb︢lico como perito en materia de contabilidad

Detalles Bibliográficos
Autor principal: Sǹchez Vega, Javier Alejandro
Formato: eBook
Lenguaje:español
Publicado: Ciudad de Mx̌ico: Instituto Mexicano de Contadores Pb︢licos, 2018
Materias:
Acceso en línea:Acceso restringido

MARC

LEADER 00000nam a22000007a 4500
005 20190517220756.0
007 cr|||| ||||
008 190517s2018 mx |||||s|||| 00||0 spa d
020 |a 978-607-8552-79-5 
035 |a 23028 
040 |a vLex 
090 |c 8757  |d 8757 
100 1 |a Sǹchez Vega, Javier Alejandro 
245 1 2 |a El contador pb︢lico como perito en materia de contabilidad  |h [Recurso electrn̤ico] /  |c Javier Alejandro Sǹchez Vega 
256 |a Servicio en ln̕ea 
260 |a Ciudad de Mx̌ico:  |b Instituto Mexicano de Contadores Pb︢licos,  |c 2018 
300 |a 1 recurso electrn̤ico 
500 |a La prueba pericial en materia de contabilidad, desde su origen, ha sido indispensable para los comerciantes y dems̀ interesados, con el fin de demostrar algunos hechos que se incluyen en la contabilidad de quien ofrece esta importante prueba en un juicio. En la prc̀tica, el profesionista que acepta el cargo de perito requiere tener amplios conocimientos en materia contable, fiscal, financiera, civil, mercantil, laboral y procesal, entre otras. Esta obra contiene el anl̀isis de los requisitos que deben cumplirse para prestar los servicios de perito en materia de contabilidad, la forma en que el Contador Pb︢lico puede realizar su revisin̤, la estructura del informe, el conocimiento sobre las pruebas, las formalidades procesales y la normatividad aplicable al caso sujeto a estudio, as ̕como las sanciones a que se hace acreedor en caso de incumplimiento o falsedad en las declaraciones, afirmaciones o negaciones. Asimismo, se analizan y comentan diversas obligaciones relacionadas con el ofrecimiento de la prueba pericial contable, la aceptacin̤ del cargo y la exhibicin̤ de šta ante las autoridades jurisdiccionales, sirviendo como argumento en asuntos controvertidos. Por lo anterior, El Contador Pb︢lico como perito en materia de contabilidad es relevante para quien se dedica a esta profesin̤ porque pone el acento en un m̀bito laboral que ampla̕ su campo de accin̤, ofreciňdole posibilidades que merecen ser exploradas para su beneficio. 
506 1 |a Disponible solo en los productos indicados  |d vLex Global  |d vLex Global (Academic Edition, excluding Law Schools)  |d vLex Global (U.S. Academic Edition, Law Schools)  |d vLex Global (U.S. Academic Edition, excluding Law Schools)  |d vLex Global (Academic Edition, Law Schools) 
650 0 4 |a Contabilidad  |z Mx̌ico 
740 0 |a vLex Libros (Servicio en ln̕ea) 
856 4 0 |u http://vlex.com/source/contador-publico-como-perito-en-materia-de-contabilidad-23028  |z Acceso restringido 
942 |c BOOK 
999 0 |a Accounting